| 000 | 00000nam 2200000za 4500 |
| 001 | 9.636600 |
| 003 | CaOODSP |
| 005 | 20220404161148 |
| 007 | cr ||||||||||| |
| 008 | 150407|2009||||xxc|||||o f|0| 0 fre d |
| 040 | |aCaOODSP|bfre |
| 043 | |an-cn--- |
| 086 | 1 |aCC394-3/2009F-PDF |
| 110 | 2 |aSociété d'assurance-dépôts du Canada. |
| 245 | 10|aProtection de vos dépôts : |h[ressource électronique]|bde 1 $ jusqu'à 100 000 $ |
| 260 | |aOttawa - Ontario : |bSociété d'assurance-dépôts du Canada |cJuin 2009. |
| 300 | |a6p.|btableau, photographies |
| 500 | |aLe n° de catalogue (CC394-3/2009) et l’ISBN (978-0-662-06603-3) de l'édition imprimée bilingue ont été incorrectement copiés dans l’édition PDF. |
| 590 | |a09-26|b2009-06-26 |
| 775 | 08|tProtecting your deposits : |w(CaOODSP)9.692333 |
| 776 | 0#|tProtecting your deposits : |w(CaOODSP)9.671055 |
| 776 | 0#|tProtection de vos dépôts : |w(CaOODSP)9.671056 |
| 794 | |tProtection de vos dépôts : |w(CaOODSP)9.638601 |
| 856 | 40|ahttp://publications.gc.ca|qPDF|s391 Ko|uhttps://publications.gc.ca/collections/collection_2009/sadc-cdic/CC394-3-2009F.pdf |